Probabilidad y estadística
Zapisane w:
| 1. autor: | |
|---|---|
| Kolejni autorzy: | |
| Format: | Książka |
| Język: | hiszpański |
| Wydane: |
Ciudad de México
McGraw-Hill. Interamericana de México
1992
|
| Wydanie: | 3a. ed |
| Hasła przedmiotowe: | |
| Etykiety: |
Dodaj etykietę
Nie ma etykietki, Dołącz pierwszą etykiete!
|
MARC
| LEADER | 00000nam a2200000 a 4500 | ||
|---|---|---|---|
| 001 | UCX5712 | ||
| 003 | CL-VaPUC | ||
| 005 | 20241001104541.0 | ||
| 008 | 930108e19920000MX |||||||||||||||||spa|d | ||
| 999 | |c 225908 |d 225906 | ||
| 040 | |c Pontificia Universidad Católica de Valparaíso | ||
| 082 | 0 | 4 | |a 519.5 |b WAL |2 21 |
| 100 | 0 | |a Walpole, Ronald E |e author |9 322075 | |
| 245 | 1 | 0 | |a Probabilidad y estadística |
| 250 | |a 3a. ed | ||
| 260 | |a Ciudad de México |b McGraw-Hill. Interamericana de México |c 1992 | ||
| 300 | |a 797 p | ||
| 583 | |a last modification |c 19930108 00:00:00 |k Rodrigo Vera | ||
| 650 | 0 | |a Estadística matemática |9 260028 | |
| 650 | 0 | |a Probabilidades |9 260199 | |
| 650 | 0 | |a Distribución (Teoría de probabilidades) |9 885830 | |
| 650 | 0 | |a Estimación estadística |9 560346 | |
| 650 | 0 | |a Análisis de regresión |9 263763 | |
| 700 | |a Myers, Raymond H. |e autor |9 322076 | ||
| 942 | |c BK |2 ddc | ||
| 945 | |d 19930108 00:00:00 | ||
| 952 | |0 0 |1 0 |4 0 |6 519_500000000000000_WAL_1992 |7 0 |8 R |9 223841 |a BIBENE |b BIBENE |d 2019-11-15 |i 2926539 |o 519.5 WAL 1992 |p 2926539 |r 2025-01-15 |w 2019-11-15 |y BK_R |k ICO | ||
| 952 | |0 0 |1 0 |4 0 |6 519_500000000000000_WAL_1992 |7 0 |8 R |9 223842 |a BIBENE |b BIBENE |d 2019-11-15 |i 2926547 |o 519.5 WAL 1992 |p 2926547 |r 2025-01-15 |w 2019-11-15 |y BK_R |k ICO | ||
| 952 | |0 0 |1 0 |4 0 |6 519_500000000000000_WAL_1992 |7 0 |8 R |9 223843 |a BIBENE |b BIBENE |d 2019-11-15 |i 2926555 |o 519.5 WAL 1992 |p 2926555 |r 2025-01-15 |w 2019-11-15 |y BK_R |k ICO | ||
| 952 | |0 0 |1 0 |4 0 |6 519_500000000000000_WAL_1992 |7 0 |8 R |9 223844 |a BIBENE |b BIBENE |d 2019-11-15 |i 2926563 |o 519.5 WAL 1992 |p 2926563 |r 2025-01-15 |w 2019-11-15 |y BK_R |k ICO | ||
| 952 | |0 0 |1 0 |4 0 |6 519_500000000000000_WAL_1992 |7 0 |8 R |9 223845 |a BIBGIM |b BIBGIM |d 2019-11-15 |i 3090337 |o 519.5 WAL 1992 |p 3090337 |r 2025-01-15 |w 2019-11-15 |y BK_R |k EST | ||
| 952 | |0 0 |1 0 |4 0 |6 519_500000000000000_WAL_1992 |7 0 |8 R |9 223846 |a BIBENE |b BIBENE |d 2019-11-15 |i 3314642 |o 519.5 WAL 1992 |p 3314642 |r 2025-01-15 |w 2019-11-15 |y BK_R |k ICO | ||
| 952 | |0 0 |1 0 |4 0 |6 519_500000000000000_WAL_1992 |7 0 |8 R |9 223847 |a BIBENE |b BIBENE |d 2019-11-15 |i 3321010 |o 519.5 WAL 1992 |p 3321010 |r 2025-01-15 |w 2019-11-15 |y BK_R |k ICO | ||
| 952 | |0 0 |1 0 |4 0 |6 519_500000000000000_WAL_1992 |7 0 |8 R |9 223848 |a BIBENE |b BIBENE |d 2019-11-15 |i 333077K |o 519.5 WAL 1992 |p 333077K |r 2025-01-15 |w 2019-11-15 |y BK_R |k ICO | ||
| 952 | |0 0 |1 0 |4 0 |6 519_500000000000000_WAL_1992 |7 0 |8 A |9 223849 |a BIBCUR |b BIBCUR |d 2019-11-15 |i 3693678 |l 1 |o 519.5 WAL 1992 |p 3693678 |r 2025-04-22 |s 2022-05-24 |w 2019-11-15 |y BK |k BAC | ||
| 952 | |0 0 |1 0 |4 0 |6 519_500000000000000_WAL_1992 |7 0 |8 A |9 223850 |a BIBCUR |b BIBCUR |d 2019-11-15 |i 375068K |o 519.5 WAL 1992 |p 375068K |r 2025-04-22 |w 2019-11-15 |y BK |k BAC | ||